{"text_format":"3","workbook":"xlsx","n_sheets":1,"sheets":["PLANILHA CONTRATADA"],"not_rendered":{"images":1,"external_links":40,"defined_names":2583},"read":"whole","date_system":"1900"}

{"sheet":"PLANILHA CONTRATADA","index":0,"n_rows":88,"n_cols":9,"rows_kept":88,"merged":[[8,0,9,6],[10,0,11,6],[12,0,15,6],[16,0,16,6],[17,0,17,2],[18,0,18,2],[19,0,19,2],[19,3,20,6],[20,0,20,2],[20,7,20,8],[22,0,23,0],[22,1,23,1],[22,2,23,2],[22,3,23,3],[22,5,22,6]]}
{"$rows_empty":8}
["ESTADO DA PARAIBA"]
[]
["CÂMARA MUNICIPAL DE BARRA DE SANTANA - PB"]
[]
["PLANILHA CONTRATADA"]
[]
[]
[{"$nulls":7},{"$f":"#REF!-G19","v":{"$error":"#REF!"}}]
[]
["OBRA:  \tContratação de empresa de construção civil para, reforma da Câmara Municipal de Barra de Santana (primeira etapa)",null,null,"Fonte de Recursos",null,"Tomada de Preços","Valor Contratado"]
["LOCAL: CENTRO  - BARRA DE SANTANA ",null,null,"PRÓPRIO ",null,"0001/2023",{"v":213442.7,"d":"R$ 213,442.70"}]
["Contratante: CÂMARA MUNICIPAL DE BARRA DE SANTANA  - PB ",null,null,"Contrato: 005/2023\t- CPL"]
["Contratada: Mac Construtora Eireli - CNPJ: 14.206.183/0001-00",{"$nulls":6},"SALDO"]
[{"$nulls":7},"QUANT.","V. TOTAL"]
["ITEM","DESCRIÇÃO","UNID.","QUANT.",null,"PLANILHA CONTRATADA"]
[{"$nulls":4},"PREÇO\nUNIT.  S/BDI","PREÇO\nUNIT.  C/BDI","VALOR TOTAL (R$)"]
[" 1 ","SERVIÇOS PRELIMINARES",{"$nulls":4},{"v":6989.28,"d":"6,989.28"}]
[" 1.1 ","Placa de obra em chapa aço galvanizado, instalada - Rev 02_01/2022","m²",1.5,350.63,429.41,644.11]
[" 1.2 ","Demolição de cerca - estacas de concreto com até 20 fios de arame farpado","m",39.9,35.06,42.93,{"v":1712.9,"d":"1,712.90"}]
[" 1.3 ","Demolição de concreto manualmente","m³",14.76,256.26,313.84,{"v":4632.27,"d":"4,632.27"}]
[" 2 ","MOVIMENTO DE TERRA",{"$nulls":4},{"v":2455.6,"d":"2,455.60"}]
[" 2.1 ","ESCAVAÇÃO MANUAL DE VALA COM PROFUNDIDADE MENOR OU IGUAL A 1,30 M. AF_02/2021","m³",20.5,72.19,88.41,{"v":1812.4,"d":"1,812.40"}]
[" 2.2 ","REATERRO MANUAL APILOADO COM SOQUETE. AF_10/2017","m³",12,43.77,{"v":53.6,"d":"53.60"},{"v":643.2,"d":"643.20"}]
[" 3 ","FUNDAÇÕES",{"$nulls":4},{"v":2524.83,"d":"2,524.83"}]
[" 3.1 ","SAPATAS",{"$nulls":4},{"v":2524.83,"d":"2,524.83"}]
[" 3.1.1 ","LASTRO DE CONCRETO MAGRO, APLICADO EM BLOCOS DE COROAMENTO OU SAPATAS. AF_08/2017","m³",0.22,599.39,734.07,161.49]
[" 3.1.2 ","COMPOSIÇÃO PARAMÉTRICA PARA EXECUÇÃO DE ESTRUTURAS DE CONCRETO ARMADO, PARA EDIFICAÇÃO INSTITUCIONAL TÉRREA, FCK = 25 MPA. AF_11/2022","m³",0.8,{"v":2412.17,"d":"2,412.17"},{"v":2954.18,"d":"2,954.18"},{"v":2363.34,"d":"2,363.34"}]
[" 4 ","SUPERESTRUTURA",{"$nulls":4},{"v":11412.83,"d":"11,412.83"}]
[" 4.1 ","PILARES",{"$nulls":4},{"v":4726.68,"d":"4,726.68"}]
[" 4.1.1 ","COMPOSIÇÃO PARAMÉTRICA PARA EXECUÇÃO DE ESTRUTURAS DE CONCRETO ARMADO, PARA EDIFICAÇÃO INSTITUCIONAL TÉRREA, FCK = 25 MPA. AF_11/2022","m³",1.6,{"v":2412.17,"d":"2,412.17"},{"v":2954.18,"d":"2,954.18"},{"v":4726.68,"d":"4,726.68"}]
[" 4.2 ","VIGAS",{"$nulls":4},{"v":6499.19,"d":"6,499.19"}]
[" 4.2.1 ","COMPOSIÇÃO PARAMÉTRICA PARA EXECUÇÃO DE ESTRUTURAS DE CONCRETO ARMADO, PARA EDIFICAÇÃO INSTITUCIONAL TÉRREA, FCK = 25 MPA. AF_11/2022","m³",2.2,{"v":2412.17,"d":"2,412.17"},{"v":2954.18,"d":"2,954.18"},{"v":6499.19,"d":"6,499.19"}]
[" 4.3 ","VERGAS",{"$nulls":4},186.96]
[" 4.3.1 ","VERGA PRÉ-MOLDADA PARA PORTAS COM ATÉ 1,5 M DE VÃO. AF_03/2016","M",2,32.87,40.25,{"v":80.5,"d":"80.50"}]
[" 4.3.2 ","CONTRAVERGA PRÉ-MOLDADA PARA VÃOS DE ATÉ 1,5 M DE COMPRIMENTO. AF_03/2016","M",2,43.47,53.23,106.46]
[" 5 ","ALVENARIA DE VEDAÇÃO",{"$nulls":4},{"v":7564,"d":"7,564.00"}]
[" 5.1 ","ALVENARIA DE VEDAÇÃO DE BLOCOS CERÂMICOS FURADOS NA HORIZONTAL DE 9X19X19 CM (ESPESSURA 9 CM) E ARGAMASSA DE ASSENTAMENTO COM PREPARO EM BETONEIRA. AF_12/2021","m²",80,77.21,94.55,{"v":7564,"d":"7,564.00"}]
[" 6 ","ESQUADRIAS",{"$nulls":4},{"v":89023.93,"d":"89,023.93"}]
[" 6.1 ","PORTAS DE VIDRO",{"$nulls":4},{"v":73687.89,"d":"73,687.89"}]
[" 6.1.1 ","Fornecimento e instalação de fachada em pele de vidro, em vidro laminado 3+3 refletivo","m²",34.4,{"v":1749.08,"d":"1,749.08"},{"v":2142.09,"d":"2,142.09"},{"v":73687.89,"d":"73,687.89"}]
[" 6.2 ","JANELAS DE VIDRO",{"$nulls":4},969.95]
[" 6.2.1 ","Fornecimento e instalação de janela em vidro temperado incolor 8mm, inclusive perfis e ferragens","m²",1.76,{"v":450,"d":"450.00"},551.11,969.95]
[" 6.3 ","GRADIL METÁLICO",{"$nulls":4},{"v":12999.49,"d":"12,999.49"}]
[" 6.3.1 ","Gradil de ferro em barras quadradas de aço 3/8\" na vertical, espaçamento 10cm, e duas barras chatas de 1\" x 1/4\" na horizontal aplicadas nas duas faces, inclusive portão","m²",59.9,177.21,217.02,{"v":12999.49,"d":"12,999.49"}]
[" 6.4 ","POTÃO DE ALUMÍNIO",{"$nulls":4},{"v":1366.6,"d":"1,366.60"}]
[" 6.4.1 ","Porta/Esquadria em alumínio, cor N/P/B, tipo moldura-vidro, inclusive caixilho vertical 5 x 10, maxi-ar fixo, dobradiças ou roldanas e fechadura, exclusive vidro","m²",2.5,446.35,546.64,{"v":1366.6,"d":"1,366.60"}]
[" 7 ","IMPERMEABILIZAÇÃO",{"$nulls":4},347.34]
[" 7.1 ","IMPERMEABILIZAÇÃO DE SUPERFÍCIE COM EMULSÃO ASFÁLTICA, 2 DEMÃOS AF_06/2018","m²",6,47.27,57.89,347.34]
[" 8 ","REVESTIMENTO EXTERNO",{"$nulls":4},{"v":375.2,"d":"375.20"}]
[" 8.1 ","CHAPISCO APLICADO EM ALVENARIAS E ESTRUTURAS DE CONCRETO INTERNAS, COM COLHER DE PEDREIRO.  ARGAMASSA TRAÇO 1:3 COM PREPARO EM BETONEIRA 400L. AF_10/2022","m²",80,3.83,4.69,{"v":375.2,"d":"375.20"}]
[" 9 ","SISTEMA DE PISO",{"$nulls":4},{"v":41714.81,"d":"41,714.81"}]
[" 9.1 ","ASSENTAMENTO DE GUIA (MEIO-FIO) EM TRECHO RETO, CONFECCIONADA EM CONCRETO PRÉ-FABRICADO, DIMENSÕES 100X15X13X30 CM (COMPRIMENTO X BASE INFERIOR X BASE SUPERIOR X ALTURA), PARA VIAS URBANAS (USO VIÁRIO). AF_06/2016","M",196.6,47.14,57.73,{"v":11349.71,"d":"11,349.71"}]
[" 9.2 ","EXECUÇÃO DE PASSEIO EM PISO INTERTRAVADO, COM BLOCO RETANGULAR COR NATURAL DE 20 X 10 CM, ESPESSURA 6 CM. AF_10/2022","m²",347,{"v":61.9,"d":"61.90"},{"v":75.8,"d":"75.80"},{"v":26302.6,"d":"26,302.60"}]
[" 9.3 ","REVESTIMENTO CERÂMICO PARA PISO COM PLACAS TIPO PORCELANATO DE DIMENSÕES 80X80 CM APLICADA EM AMBIENTES DE ÁREA MAIOR QUE 10 M². AF_02/2023_PE","m²",20.04,165.53,202.72,{"v":4062.5,"d":"4,062.50"}]
[" 10 ","PINTURAS E ACABAMENTOS",{"$nulls":4},{"v":24875.95,"d":"24,875.95"}]
[" 10.1 ","Pintura para exteriores, sobre paredes, com lixamento, aplicação de 01 demão de selador acrílico, 01 demão de textura acrílica branca e 02 demãos de tinta acrílica convencional","m²",80,38.46,{"v":47.1,"d":"47.10"},{"v":3768,"d":"3,768.00"}]
[" 10.2 ","APLICAÇÃO MANUAL DE MASSA ACRÍLICA EM PANOS DE FACHADA SEM PRESENÇA DE VÃOS, DE EDIFÍCIOS DE MÚLTIPLOS PAVIMENTOS, UMA DEMÃO. AF_05/2017","m²",80,12.89,15.78,{"v":1262.4,"d":"1,262.40"}]
[" 10.3 ","Pintura de Gradil Metálico padrão CEHOP, confeccionado com barras chata 2\" x 5/16\", com 01 demão de tinta anti-corrosiva - zarcão e 02 demãos de esmalte sintético (medir somente uma vez)","m²",59.9,{"v":41,"d":"41.00"},50.21,{"v":3007.57,"d":"3,007.57"}]
[" 10.4 ","PINTURA LÁTEX ACRÍLICA PREMIUM, APLICAÇÃO MANUAL EM PAREDES, DUAS DEMÃOS. AF_04/2023","m²",224.12,9.21,11.27,{"v":2525.83,"d":"2,525.83"}]
[" 10.5 ","Pintura de proteção sobre madeira com aplicação de 02 demãos de verniz SPARLACK CETOL Ipiranga ou similar - R1","m²",61.2,17.18,21.04,{"v":1287.64,"d":"1,287.64"}]
[" 10.6 ","Revestimento cerâmico para piso ou parede, 90 x 90 cm, porcelanato, natural, retificado, linha bianco carrara, Portobello ou similar, aplicado com argamassa industrializada ac-iii, rejuntado, exclusive regularização de base ou emboço","m²",53.48,198.86,243.54,{"v":13024.51,"d":"13,024.51"}]
[" 11 ","INSTALAÇÕES ELÉTRICAS - 220V",{"$nulls":4},{"v":8782.36,"d":"8,782.36"}]
[" 11.1 ","Luminária tipo plafon (sobrepor), quadrada, 24x24cm, em aluminio pintado na cor branca, c/difusor em vidro, Aladin ou similar","un",12,112.86,138.21,{"v":1658.52,"d":"1,658.52"}]
[" 11.2 ","FITA DE LED SILICONADA, 60 LEDS POR METRO, POTʎCIA 4,8 W/M","M",20,78.14,95.69,{"v":1913.8,"d":"1,913.80"}]
[" 11.3 ","Entrada de energia elétrica monofásica demanda entre 3,8 e 6,3 kw - Rev 01","un",1,{"v":1691.55,"d":"1,691.55"},{"v":2071.64,"d":"2,071.64"},{"v":2071.64,"d":"2,071.64"}]
[" 11.4 ","QUADRO DE MEDIÇÃO GERAL DE ENERGIA PARA 1 MEDIDOR DE SOBREPOR - FORNECIMENTO E INSTALAÇÃO. AF_10/2020","UN",1,178.68,218.82,218.82]
[" 11.5 ","QUADRO DE DISTRIBUIÇÃO DE ENERGIA EM PVC, DE EMBUTIR, SEM BARRAMENTO, PARA 6 DISJUNTORES - FORNECIMENTO E INSTALAÇÃO. AF_10/2020","UN",1,100.65,123.26,123.26]
[" 11.6 ","DISJUNTOR MONOPOLAR TIPO NEMA, CORRENTE NOMINAL DE 10 ATÉ 30A - FORNECIMENTO E INSTALAÇÃO. AF_10/2020","UN",8,15.13,18.52,148.16]
[" 11.7 ","Caixa de passagem para eletricidade em aluminio, dim: 50 x 50 x 15 cm","un",4,117.78,144.24,576.96]
[" 11.8 ","COMPOSIÇÃO PARAMÉTRICA DE PONTO ELÉTRICO DE ILUMINAÇÃO, COM INTERRUPTOR SIMPLES, EM EDIFÍCIO RESIDENCIAL COM ELETRODUTO EMBUTIDO SEM NECESSIDADE DE RASGOS, INCLUSO TOMADA, ELETRODUTO, CABO E QUEBRA (SEM LUMINÁRIA E LÂMPADA). AF_11/2022","UN",10,118.44,145.05,{"v":1450.5,"d":"1,450.50"}]
[" 11.9 ","LUMINÁRIA ARANDELA TIPO MEIA LUA, DE SOBREPOR, COM 1 LÂMPADA LED DE 6 W, SEM REATOR - FORNECIMENTO E INSTALAÇÃO. AF_02/2020","UN",6,84.47,103.45,{"v":620.7,"d":"620.70"}]
[" 12 ","SERVIÇOS COMPLEMENTARES PARA FACHADA",{"$nulls":4},{"v":13395.61,"d":"13,395.61"}]
[" 12.1 ","Madeiramento em pau d´arco, pilar com 20x20cm, aparelhado","m³",1.29,{"v":7769.7,"d":"7,769.70"},{"v":9515.55,"d":"9,515.55"},{"v":12275.05,"d":"12,275.05"}]
[" 12.2 ","Chapim de concreto pré-moldado","m",17.4,52.59,{"v":64.4,"d":"64.40"},{"v":1120.56,"d":"1,120.56"}]
[" 13 ","PAISAGISMO",{"$nulls":4},{"v":2971.19,"d":"2,971.19"}]
[" 13.1 ","Muda de palmeira, areca, h=1,50 m, fornecimento e plantio","un",12,148.28,181.59,{"v":2179.08,"d":"2,179.08"}]
[" 13.2 ","Grama batatais em placas, fornecimento e plantio","m²",3,22.12,27.09,81.27]
[" 13.3 ","Planta - Hibisco vermelho (Hibiscus rosa-sinensis), fornecimento e plantio","un",26,22.33,27.34,710.84]
[" 14 ","SERVIÇOS FINAIS",{"$nulls":4},{"v":1009.77,"d":"1,009.77"}]
[" 14.1 ","Limpeza geral","m²",347,2.38,2.91,{"v":1009.77,"d":"1,009.77"}]